000 00488nam a2200181Ia 4500
003 GCL
008 140319s9999 xx 000 0 eng d
040 _aGCL /
_cGCL
082 0 4 _aCC
_b069.0962
_bA M
100 1 _aL'ADMINSTRATION DU TOURISME
245 1 0 _aLE MUSEE EGYPTIEN /
_cL'ADMINSTRATION DU TOURISME
260 _a[S.N] :
_bL'ADMINISTRATION DU TOURIME ،
_c1962
300 _a87 P
650 0 4 _aMUSEUMS
650 0 4 _aANTIQUITIES
650 0 4 _aEGYPT, MUSEUMS
942 _2ddc
_cBK
999 _c16201
_d16201